Các văn bản pháp luật về cạnh tranh mới nhất của nước Cộng hòa xã hội chủ nghĩa Việt Nam = The latest legal document of social republic of Viet Nam in relation to competition

Wedi'i Gadw mewn:
Manylion Llyfryddiaeth
Fformat: Llyfr
Iaith:Undetermined
Cyhoeddwyd: Hà Nội Lao động - Xã hội 2005
Pynciau:
Tagiau: Ychwanegu Tag
Dim Tagiau, Byddwch y cyntaf i dagio'r cofnod hwn!
Thư viện lưu trữ: Trung tâm Học liệu Trường Đại học Cần Thơ
LEADER 00692nam a2200193Ia 4500
001 CTU_107694
008 210402s9999 xx 000 0 und d
020 |c 58000 
082 |a 343.0721 
082 |b C101 
245 0 |a Các văn bản pháp luật về cạnh tranh mới nhất của nước Cộng hòa xã hội chủ nghĩa Việt Nam = 
245 4 |b The latest legal document of social republic of Viet Nam in relation to competition 
260 |a Hà Nội 
260 |b Lao động - Xã hội 
260 |c 2005 
650 |a Compettion law 
650 |z Vietnam 
904 |i Lê Giang 
980 |a Trung tâm Học liệu Trường Đại học Cần Thơ